| 000 | 00616nam a22002057a 4500 | ||
|---|---|---|---|
| 999 |
_c3078 _d3078 |
||
| 003 | AR-CdUCM | ||
| 008 | 190305b ||||| |||| 00| 0 spa d | ||
| 040 |
_aMUNICIPALIDAD PROVINCIAL DEL CUSCO _cBIBLIOTECA MUNICIPAL DEL CUSCO |
||
| 082 |
_a828.81 / _bB86 |
||
| 100 |
_aBronte, Emily _910432 |
||
| 245 | _aCumbres borrascosas / | ||
| 260 |
_aMexico D.f : _bEdinal impresora, _c1973. |
||
| 300 |
_a320 paginas ; _c16 cm. |
||
| 505 | _aContenido :Novelas inglesas / | ||
| 650 |
_aLiteratura inglesa _91015 |
||
| 650 |
_aPeriodo victoriano _910433 |
||
| 650 |
_aNovelas _9218 |
||
| 942 |
_2ddc _cLIBROS |
||
| 945 | _arjall | ||